<?xml version="1.0" encoding="UTF-8"?>
<collection xmlns="http://www.loc.gov/MARC21/slim">
 <record>
  <leader>05866nam a22002295a 4500</leader>
  <controlfield tag="001">EEO.eeo000903</controlfield>
  <controlfield tag="008">061201s2005####ag#a###g#b###f100#0#spa#d</controlfield>
  <controlfield tag="005">20190429103428.0</controlfield>
  <datafield tag="245" ind1="1" ind2="0">
   <subfield code="a">Problemáticas sociopolíticas y económicas del Sudoeste Bonaerense :</subfield>
   <subfield code="b">actas de las III Jornadas interdisciplinarias del Sudoeste Bonaerense, 2 al 4 de septiembre de 2004, Bahía Blanca, Argentina /</subfield>
   <subfield code="c">María del Carmen Vaquero y Mabel N. Cernadas de Bulnes, editoras.</subfield>
  </datafield>
  <datafield tag="260" ind1=" " ind2=" ">
   <subfield code="a">Bahía Blanca, [Argentina] :</subfield>
   <subfield code="b">Ediuns,</subfield>
   <subfield code="c">2005.</subfield>
  </datafield>
  <datafield tag="300" ind1=" " ind2=" ">
   <subfield code="a">404 p. :</subfield>
   <subfield code="b">il. ;</subfield>
   <subfield code="c">22 cm.</subfield>
  </datafield>
  <datafield tag="500" ind1=" " ind2=" ">
   <subfield code="a">Organizado por la Universidad Nacional del Sur, Secretaría General de Comunicación y Cultura, Archivo de la Memoria de la Ciudad de Bahía Blanca.</subfield>
  </datafield>
  <datafield tag="504" ind1=" " ind2=" ">
   <subfield code="a">Incluye referencias bibliográficas.</subfield>
  </datafield>
  <datafield tag="505" ind1="0" ind2=" ">
   <subfield code="a">El desarrollo edilicio de la Base Naval Puerto Belgrano durante los años '30 : algunas consideraciones sobre la iglesia de Nuestra Señora Stella Maris / Ivars, María Jorgelina -- Una propuesta alternativa para la región en la década del cuarenta : el colegio Libre de Estudios Superiores de Bahía Blanca / Cernadas de Bulnes, Mabel Nélida -- Clubes, sociedad civil y peronismo en Bahía Blanca, 1946-1955 / Marcilese, José -- Duelo de pinceles. El campo artístico bahiense en la década del '40 / Agesta, María de las Nieves -- El diario Bahía Blanca : una experiencia conservadora en el campo periodístico local de 1930 / Tedesco, Marcelo C. -- El socialismo argentino, la internacional del Moscú y la prensa bahiense (enero de 1921) / Cimatti, Roberto D. -- &quot;Bajo el signo de la libertad&quot; : análisis del discurso político de la prensa bahiense frente a la creación de la Universidad Nacional del Sur en 1956 / Orbe, Patricia A. -- Relaciones conflictivas : los salesianos y la prensa bahiense / Popp, Gisela -- Un itinerario político complejo : el radicalismo bahiense entre el conflicto y la negociación (1919-1930) / Llull, Laura -- Imágenes y representaciones sobre la estructura social en Bahía Blanca / Pérez, Stella Maris -- La interculturalidad : un proceso en construcción de la ciudadanía / Ginóbili, María Elena ; Pérez, Alicia -- Entrevista crítica a un migrante europeo dels iglo X al sudoeste bonaerense / Alzola de Cvitanovic, Nilsa -- Terapia intercultural en el Hospital Psiquiátrico de Carmen de Patagones. Análisis de caso / González Coll, M. M. -- Discurso, ideología e imaginarios sociales en torno a la &quot;Tercera Fundación&quot; de Bahía Blanca / Tedesco, Marcelo C. -- Descentralización fiscal en la provincia de Buenos Aires : el marco institucional y el caso de los municipios del sudoeste bonaerense / Tesán, Claudio ; Larraburu, Diana -- Análisis e interpretación de los datos provenientes del re-empadronamiento de beneficiarios de programas sociales en bahía Blanca / Burstein, Nidia ; Pérez, Stella Maris -- El apogeo de la producción industrial en Tres Arroyos / Gil de Jiménez, Stella Maris -- El estado y la autonomía de la voluntad / Iuale, Corina Andrea -- Innovaciones en el comercio minorista de Bahía Blanca y sus consecuencias territoriales / Marenco, Silvia -- Las empresas del sector industrial de Bahía Blanca y su articulación territorial con los procesos locales de tercerización de servicios / Fittipaldi, Rosa A. ; Mira, Silvia -- Crisis y reconversión de pequeñas y medianas empresas : la innovación como factor clave. Casos y tendencias en la ciudad de Tres Arroyos (provincia de Buenos Aires) / Martín, Cecilia -- Actores sociales en conflicto en la actual crisis energética. Situación en Bahía Blanca / Valle Guerrero, Analia del -- Los precios de suelo en Bahía Blanca, y sus efectos en la configuración urbana y socioespacial de la ciudad / Urriza, Guillermina -- El plan de reforma agraria del radicalismo intransigente para el sudoeste bonaerense (1956-1962) / Eberle, Adriana Susana -- Efecto derrame en la economía local : el caso de la agroindustria y la industria petroquímica / Tedesco, Lorena F. ; Picardi de Sastre, Marta Susana -- La situación agrícolo ganadera en el sur bonaerense : la sexta sección electoral comprometida en el corredor bioceánico sur / Ferrera, Ilda María ; Nieto, Belén -- Características del proceso de inversión en las PYMES agroindustriales bahienses / Cristiano, Gabriela Silvana ; Leonardi, Viviana ; Picardi de Sastre, Marta Susana -- Forestación de especies implantadas en el sudoeste de la provincia de Buenos Aires, como base para el asentamiento y desarrollo de la cadena de valor de la industria maderera : diagnóstico / Durán, Regina ; Cordisco, Marina ; Pitsch, Edith C. -- Características del complejo apícola en el sudoeste bonaerense / Estrada, María Emilia -- Análisis espacial de la dinámica de la desertificación utilizando sensores remotos y sistemas de información geográfica. El caso del valle inferior del río colorado / Uboldi, Julio Alberto -- La coyuntura energética actual y sus posibles impactos ambientales sobre la región / Cerioni, Liliana L. ; Guzowski, Carina ; Morresi, Silvia S. -- Zona franca Bahía Blanca - Coronel Rosales : aprendiendo de la experiencia ajena / Giménez, Mabel N. -- El potencial asociativo de las pequeñas firmas proveedores de grandes plantas localizadas en Bahía Blanca / Leonardi, Viviana S. ; Cristiano, Gabriela S. -- Una mirada geográfica de la feria de producción, comercio y servicios de Bahía Blanca yla región (FISA) 2004 / Bagnulo, Cecilia.</subfield>
  </datafield>
  <datafield tag="020" ind1=" " ind2=" ">
   <subfield code="a">9871171161</subfield>
  </datafield>
  <datafield tag="111" ind1="2" ind2=" ">
   <subfield code="a">Jornadas interdisciplinarias del Sudoeste Bonaerense</subfield>
   <subfield code="n">(3a. :</subfield>
   <subfield code="d">2004 :</subfield>
   <subfield code="c">Bahía Blanca, Argentina)</subfield>
  </datafield>
  <datafield tag="700" ind1="1" ind2=" ">
   <subfield code="a">Cernadas de Bulnes, Mabel Nélida.</subfield>
   <subfield code="4">edt</subfield>
  </datafield>
  <datafield tag="700" ind1="1" ind2=" ">
   <subfield code="a">Vaquero, María del Carmen.</subfield>
   <subfield code="4">edt</subfield>
  </datafield>
  <datafield tag="650" ind1=" " ind2="7">
   <subfield code="a">Historia económica.</subfield>
   <subfield code="2">Isoc</subfield>
  </datafield>
  <datafield tag="650" ind1=" " ind2="7">
   <subfield code="a">Conferencias.</subfield>
   <subfield code="2">mpirdes</subfield>
  </datafield>
  <datafield tag="653" ind1=" " ind2=" ">
   <subfield code="a">Historia económica argentina</subfield>
  </datafield>
  <datafield tag="859" ind1=" " ind2=" ">
   <subfield code="a">AR-BaUEB</subfield>
   <subfield code="b">BIB. ECONOMIA - General</subfield>
   <subfield code="h">I-UNS-85</subfield>
   <subfield code="p">e13701</subfield>
  </datafield>
 </record>
</collection>
